Cities by Building - Statistics

General Stats
  • This quiz has been taken 781 times
  • The average score is 6 of 20
Answer Stats
Picture Hint Answer % Correct
Easy Burj Khalifa (Dubai)
97%
Easy 30 St Mary Axe (London)
86%
Easy Petronas Towers (Kuala Lumpur)
84%
Easy Marina Bay Sands (Singapore)
73%
Easy Taipei 101
64%
Easy Transamerica Pyramid (San Francisco)
42%
Easy China Zun (Beijing)
35%
Easy Bank of China (Hong Kong)
24%
Medium Grand Lisboa (Macau)
19%
Medium Gran Torre Santiago
17%
Medium Commerzbank Tower (Frankfurt)
16%
Medium W Barcelona
15%
Medium Evolution Tower (Moscow)
14%
Medium Torre Latinoamericano (Mexico City)
10%
Medium Australia 108 (Melbourne)
8%
Medium F&F Tower (Panama City)
7%
Hard Bahrain World Trade Center (Manama)
6%
Hard Brisbane Skytower
6%
Hard Blue Sky Tower (Ulaanbaatar)
5%
Hard Cairo Tower
5%
No matching quizzes found
Score Distribution
Percent of People with Each Score
Percentile by Number Answered
Your Score History
You have not taken this quiz